[Event "Moscow B"]
[Site "Moscow"]
[Date "1994.??.??"]
[Round "10"]
[White "Nesterov, Yakov"]
[Black "Arkhipov, Sergey"]
[Result "1/2-1/2"]
[WhiteElo "2460"]
[BlackElo "2530"]
[Annotator "Stohl,I"]
[PlyCount "85"]
[EventDate "1994.??.??"]
[EventType "tourn"]
[EventRounds "11"]
[EventCountry "RUS"]
[EventCategory "7"]
[SourceTitle "CBM 041"]
[Source "ChessBase"]
[SourceDate "1994.08.01"]
[SourceVersion "1"]
[SourceVersionDate "1994.08.01"]
[SourceQuality "1"]

1. Nf3 {Gagarin} c5 2. c4 g6 3. d4 Bg7 4. e4 Qa5+ 5. Bd2 (5. Nc3 $142 d6 6. Rb1
$5 cxd4 (6... Bg4 7. d5 Bxc3+ 8. bxc3 $36) (6... Nc6 7. d5 Nd4 8. Nxd4 Bxd4 (
8... cxd4 9. b4 $36) 9. Bd2 $14) 7. Nxd4 Nc6 8. Be3 Nf6 9. Nb3 Qd8 10. Be2 O-O
11. O-O b6 (11... Be6 $5) 12. f3 Nd7 13. Qd2 Nc5 14. Na1 $1 a5 15. Nc2 Kh8 16.
b3 f5 17. exf5 gxf5 18. f4 Bb7 19. a3 $16 {Serper,G-Ruban,V/Novosibirsk/1993/})
5... Qb6 6. Bc3 Nc6 (6... cxd4 $5 7. Bxd4 (7. Nxd4 {Gagarin} Nf6 8. Nd2 Nc6 9.
Nxc6 dxc6 $10) 7... Bxd4 8. Qxd4 Qxd4 9. Nxd4 Nc6 (9... d6 {Gagarin} 10. Nc3
Nf6 $14) 10. Nb5 (10. Nxc6 $6 {Gagarin} dxc6 11. Be2 e5 12. O-O Nf6 13. Nc3 Ke7
$10) 10... Rb8 (10... Kf8 11. N1c3 d6 12. O-O-O (12. f3 {Gagarin} Kg7 13. Be2
Nf6 14. Kf2 Bd7 15. Rac1 $14) 12... Nf6 13. b3 Kg7 14. Kb2 Be6 15. Nc7 Rac8 16.
N7d5 h5 17. f4 h4 18. Be2 Bg4 19. Rhe1 Bxe2 20. Rxe2 Nh5 21. Rf2 $14 {Rukavina,
J-Gheorghiu,F/Zurich op/1990/}) (10... Kd8 $5 {Gagarin}) 11. N1c3 d6 (11... Nf6
{Gagarin} 12. Nc7+ Kf8 13. N7d5 Kg7 14. f3 d6 15. Rc1 Be6 16. Kd2 Rhc8 17. b3
Nd7 18. h4 $14 {Govedarica,R-RiyiasasP/JUG/1976/}) 12. O-O-O Nf6 (12... f5 $5
13. exf5 gxf5 14. Nd5 Kf7 15. Be2 Nf6 16. Nxf6 Kxf6 17. f4 Rg8 18. Bf3 Be6 19.
b3 Rgc8 20. Kb2 a6 21. Nc3 b5 22. Nd5+ Kf7 23. Rhe1 {/\Bh5+-} Nd8 $132 {
Spraggett,K-Verduga,D/San Francisco/1987/}) 13. Be2 O-O 14. Kb1 Bd7 15. Rd2
Rfc8 16. Rc1 Kf8 17. f4 a6 18. Na3 Nb4 19. h3 h5 20. b3 Rc5 21. Kb2 b5 $132 {
Nesterov,J-Veselovsky,S/Moscow2/1994/}) 7. d5 (7. dxc5 $5 Bxc3+ 8. Nxc3 Qxb2 (
8... Qxc5 {Gagarin} 9. Nd5 $1 $14) 9. Nd5 Kf8 (9... Nf6 {Gagarin} 10. Bd3 O-O
11. O-O {Pavlovic/}) 10. Be2 Qa3 (10... e6 $5 {Gagarin} 11. O-O) 11. O-O Qxc5
12. Qd2 $32 Kg7 (12... d6 $5 {Gagarin}) 13. Rab1 Qa5 14. Qb2+ f6 15. e5 fxe5
16. Nxe5 Nf6 17. Bf3 Qc5 18. Rfe1 Qd4 19. Nc7 $1 Qxb2 20. Rxb2 Nxe5 21. Rxe5
$16 {Pavlovic,M-Vaulin,A/Podgorica/1993/}) 7... Nd4 (7... Bxc3+ $2 8. Nxc3 Nd4
(8... Qxb2 9. Nb5 Nb4 10. Rb1 $18) 9. Nxd4 cxd4 10. Nb5 a6 (10... Nf6 11. e5)
11. Qxd4 $18) 8. e5 $1 (8. Na3 {Gagarin} e5 $8 9. dxe6 dxe6 10. Nb5 $6 (10. e5
$5) 10... e5 11. b4 Bg4 $1 12. bxc5 Qxc5 13. Nbxd4 O-O-O $2 (13... exd4 $1 14.
Bxd4 Qb4+ 15. Qd2 Qxd2+ 16. Kxd2 O-O-O $10 {Vaulin/}) 14. Qa4 exd4 15. Bb4 Qc6
16. Qxc6+ bxc6 17. Nd2 $14 {Makarov,M-Vaulin,A/JUG/1993/0:1 (38) Inf 57/56/})
8... Nxf3+ 9. Qxf3 Nh6 (9... d6 $2 10. exd6 Bxc3+ 11. Qxc3) (9... f6 $5 10. Qe2
(10. exf6 {Gagarin} Nxf6 $13) 10... fxe5 11. f4 (11. Bxe5 $5 {Gagarin} Nf6 12.
g3 Rg8 13. Bh3) 11... d6 12. fxe5 dxe5 13. Bxe5 Nf6 (13... Bxe5 $5 14. Qxe5 Qf6
) 14. Nc3 O-O 15. h3 e6 16. d6 Bd7 17. O-O-O Bh6+ 18. Kb1 Bc6 19. Qc2 Nd7 20.
Bh2 (20. Bg3 $142) 20... Be3 21. Bg3 Bd4 22. Nb5 Bxb5 23. cxb5 Rae8 24. Bc4 Kg7
$132 {Titov,G-Nesterov,J/Tiraspol/1994/}) 10. Nd2 (10. g4 O-O 11. h3 d6 $13) (
10. e6 $6 {Gagarin} O-O 11. Bxg7 Kxg7 12. Qc3+ Kg8 13. exf7+ Rxf7 14. Be2 Nf5
$15) 10... Nf5 11. Bd3 Nd4 (11... d6 12. Bxf5 Bxf5 13. exd6) 12. Qe3 d6 (12...
O-O $5 {Gagarin} 13. Nf3 Nxf3+ 14. Qxf3 f6 15. exf6 (15. Qe2 fxe5 16. Bxe5 Qb4+
17. Kf1 Bxe5 18. Qxe5 d6 19. Qe2 Bf5 $15) 15... Bxf6 16. Bxf6 Rxf6 17. Qe2 Qb4+
18. Kf1 d6 19. Re1 e5 $17) 13. f4 {()} O-O 14. O-O Bf5 (14... e6 {Gagarin} 15.
b4 $1 $16) 15. Nf3 (15. Bxf5 Nxf5 (15... gxf5 16. Rac1 {׻}) 16. Qe4 e6 17.
dxe6 fxe6 $132) 15... Nxf3+ 16. Rxf3 e6 (16... Bxd3 17. Qxd3 $16 {/\Re1,e6,
h4-h5|^}) 17. Bxf5 exf5 18. Qd3 (18. Qf2 $142 $5 $16) (18. exd6 Rfe8 $1 (18...
Bxc3 19. Qxc3 Qxd6 20. Qe5 $36) 19. Qd3 Qxd6 $10) 18... Rfe8 19. Re1 Re7 20. h3
(20. Rfe3 {Gagarin} Rae8 21. e6 $14) 20... Rae8 21. Rfe3 (21. e6 $5 {Gagarin}
Bxc3 22. bxc3 fxe6 23. dxe6) 21... Bh6 $5 22. exd6 (22. g3 dxe5 23. Rxe5 Bf8
$14) 22... Qxd6 23. Rxe7 (23. Be5 $1 {Gagarin} Qd7 24. g3 $16) 23... Rxe7 24.
Rxe7 Qxe7 25. d6 (25. g3 $5 {Gagarin}) 25... Qd7 26. Be5 Kf8 $1 (26... f6 $2
27. Bxf6 Bxf4 28. Qd5+ Kf8 29. Be7+ Kg7 30. Qxc5 $18) 27. a3 $2 (27. g3 $142 $5
Bg7 (27... Ke8 28. Qe3) (27... b6 {Gagarin} 28. Qd5 $16) 28. Bxg7+ Kxg7 29. Qd5
b6 30. a3 a5 $1 $8 {+/=}) 27... f6 $1 28. Bxf6 Bxf4 29. Be7+ Kf7 30. Kf1 (30.
Qd5+ $2 Qe6 $17) 30... Be5 31. b4 b6 32. bxc5 bxc5 $10 33. Qd5+ (33. Ke2 Qe6 $1
) 33... Qe6 34. Qxc5 Bg3 $1 35. Qd5 $8 (35. Qb4 $2 Qe3 $19) 35... Qxd5 36. cxd5
Ke8 37. Ke2 Kd7 38. a4 $8 (38. Kd3 $2 Bxd6 39. Bxd6 Kxd6 40. Kd4 g5 $15) 38...
Bxd6 39. Bf6 Ke8 40. Kd3 Kf7 41. Bg5 a6 42. Kc4 Ke8 43. Bf6 (43. Bf6 Kd7 $10)
1/2-1/2

[Event "Bundesliga 0001"]
[Site "Germany"]
[Date "2001.03.11"]
[Round "11.3"]
[White "Kempinski, Robert"]
[Black "Kengis, Edvins"]
[Result "1/2-1/2"]
[WhiteElo "2498"]
[BlackElo "2589"]
[Annotator "Stohl,I"]
[PlyCount "100"]
[EventDate "2000.10.14"]
[EventType "team-tourn"]
[EventRounds "15"]
[EventCountry "GER"]
[SourceTitle "CBM 082"]
[Source "ChessBase"]
[SourceDate "2001.05.17"]
[SourceVersion "1"]
[SourceVersionDate "2001.05.17"]
[SourceQuality "1"]
[WhiteTeam "Hamburger SK"]
[BlackTeam "Godesberg"]
[WhiteTeamCountry "GER"]
[BlackTeamCountry "GER"]

1. d4 e6 2. c4 b6 3. Nc3 Bb4 4. Qb3 c5 $5 {After a mere 4 moves an original
and relatively unexplored position arose. With Nf3 and Nf6 inserted we get a
Queen's Indian, but both players are striving for something out of the
ordinary.} (4... a5 5. a3 $5 (5. Nf3 Bb7 6. Bg5 f6 (6... Nf6 7. Nd2 h6 8. Bh4
d6 9. f3 Nc6 10. e3 Qe7 11. Bd3 g5 12. Bf2 h5 13. O-O h4 14. Nde4 Bxc3 15. Qxc3
Rg8 16. d5 Nxe4 17. Bxe4 Ne5 18. f4 Nd7 19. Bh7 Rf8 20. dxe6 Qxe6 21. e4 gxf4
22. Bf5 $36 {Kogan,A-Groffen,H/Vlissingen/1997/}) 7. Bd2 f5 8. g3 Nf6 9. Bg2
Ne4 10. Rd1 Nxc3 11. Bxc3 d6 12. O-O Nd7 13. Qc2 {1/2,Moskalenko,V-Bricard,E/
Andorra/1991/} Be4 $11) 5... Be7 (5... Bxc3+ 6. bxc3 $5 $14 {[%csl Rb5] ><b5})
6. e4 Bb7 7. Nf3 d6 8. d5 Nd7 9. Be3 {(),Weyrich,M-Auchenberg,P/Copenhagen/
1990/}) (4... Nc6 5. Nf3 a5 6. e4 (6. a3 a4 7. Qc2 Bxc3+ 8. Qxc3 (8. bxc3 $5)
8... Qf6 9. Bg5 Qg6 10. e3 Bb7 11. h4 f6 12. Bd3 Qf7 13. Bf4 d6 14. Qc2 Nge7
15. h5 Ra5 16. O-O-O Rxh5 17. Qxa4 Ra5 18. Qc2 g5 19. Bg3 h5 20. Nd2 h4 21. f3
Qg7 22. Bf2 Ra8 23. Kb1 f5 $13 {Cooper,J-Basman,M/BCF-ch Brighton/1980/}) 6...
a4 7. Qc2 a3 8. bxa3 (8. d5 $5 axb2 9. Bxb2 $36) 8... Bxa3 9. Bxa3 Rxa3 10. d5
Qf6 11. Rc1 Ne5 12. Nd4 c6 13. dxc6 dxc6 14. Qb2 Ra8 15. Qxb6 Ne7 16. Nb3 O-O
17. Be2 N7g6 18. g3 Ba6 19. Nd2 c5 20. Qxc5 Rfc8 21. Qb4 Nc6 22. Qb1 {1/2,
Grefe,J-Ginsburg,M/San Francisco/1999/} Nd4 $132) (4... Qe7 5. a3 Ba5 6. Nf3
Nf6 7. Qc2 Bxc3+ 8. Qxc3 Ne4 9. Qc2 Bb7 10. g3 f5 11. Bg2 Nc6 12. O-O a5 13. b3
O-O 14. Bb2 Rae8 15. d5 Nd8 16. Rad1 d6 17. Nd4 Qf7 18. g4 $1 Qg6 19. gxf5 exf5
20. Kh1 Re7 21. f3 Ng5 22. f4 Ne4 23. Bxe4 fxe4 24. Rg1 $16 {[%csl Rb7][%cal
Gb2h8] ^-->,Niklasson,C-Passerotti,P/Reggio Emilia/1977/}) 5. d5 $146 {An
ambitious novelty.} (5. a3 Bxc3+ 6. Qxc3 cxd4 (6... Nf6 $142 $11) 7. Qxd4 Nf6
8. Bg5 Nc6 9. Qh4 h6 10. Nf3 Rh7 11. Bxf6 Qxf6 12. Qxf6 gxf6 13. e3 Rg7 14. Rc1
d6 15. Nd2 Bb7 16. f3 Ke7 17. Kf2 Ne5 18. Be2 f5 19. Rhg1 Rc8 20. h3 Rc7 21. g4
fxg4 22. hxg4 $14 {Lorscheid,G-Varga,Z/Budapest/1998/}) (5. e3 Nf6 6. a3 Ba5 7.
Bd2 O-O 8. Nf3 Ba6 9. Be2 d5 10. cxd5 Bxe2 11. Nxe2 Bxd2+ 12. Nxd2 exd5 13.
dxc5 bxc5 14. O-O Nbd7 15. Nf3 Rb8 16. Qc2 a5 17. Nc3 Qb6 18. Na4 Qb5 19. Rfd1
Rfc8 20. Rac1 g6 21. h3 Kg7 22. Rd2 Nb6 23. Nxb6 Qxb6 $11 {Michaelsen,N-Kengis,
E/Hamburg/1995/}) (5. Nf3 Nc6 (5... Nf6 {-E21}) 6. a3 Ba5 7. e3 (7. dxc5 $6
bxc5 8. Bg5 Qb6 9. Qxb6 Bxc3+ $1 10. bxc3 axb6 11. e4 Nf6 12. Bd3 d6 13. O-O
Nd7 14. Bf4 Ke7 15. Rfd1 Nce5 16. Nxe5 dxe5 17. Be3 Bb7 18. f3 Ra6 19. Rdb1
Rha8 20. Rb3 Kd8 21. Bc1 Ra4 22. Rab1 Kc7 23. Kf2 Ba6 $19 {[%csl Ra3,Rc3,Rc4]
ק,Lorscheid,G-Kengis,E/London/1991/}) 7... Nf6 8. Bd3 O-O 9. O-O d5 10. Rd1
Bxc3 11. Qxc3 cxd4 12. Nxd4 Nxd4 13. Qxd4 Ba6 14. cxd5 Bxd3 15. Qxd3 Nxd5 16.
e4 Nf6 17. Qf3 Qc7 18. Bg5 Qe5 19. Bxf6 Qxf6 20. Qxf6 gxf6 21. Rac1 Rfd8 22. g3
Rxd1+ 23. Rxd1 Rc8 24. Rd7 Rc2 25. b4 a5 26. bxa5 bxa5 27. Ra7 Rc4 $11 {
Sokolov,I-Speelman,J/Leeuwarden/1997/}) 5... Nf6 6. g3 $6 (6. f3 $142 {/\e4~~})
6... b5 {[%mdl 512] A sacrifice in the Blumenfeld/Volga style prevents White
from building up a ().} ({But much simpler was} 6... Bb7 $142 7. Bg2 (7. Bd2
exd5 8. cxd5 Nxd5 $5 9. Nxd5 Bxd2+ 10. Kxd2 Qg5+ 11. Qe3+ Qxe3+ 12. Nxe3 Bxh1
13. f3 Nc6 14. Nh3 d5 $15) 7... b5 $32 {|^}) 7. dxe6 fxe6 8. cxb5 Bb7 9. Nf3 a6
$1 10. bxa6 Bd5 $1 (10... Nxa6 $143 11. Bg2 Ne4 12. O-O $16) 11. Qd1 (11. Qc2
Nc6 12. Bg2 Nd4 13. Qd1 Rxa6 $13 {/\} 14. O-O Bxc3 15. bxc3 Nb3 $1 $11) 11...
Ne4 12. Bd2 Bxc3 13. Bxc3 (13. bxc3 Qf6 $1 $44) 13... Nxc3 14. bxc3 Qf6 15. Qd3
Nxa6 $32 16. Rd1 {White can't keep his extra pawn for long and he must be
careful to finish his development without harm.} (16. Bg2 $6 Nb4 $36) 16... c4
17. Qe3 (17. Qd2 Nc5 $17 {/\Ne4}) 17... Nc7 18. Bg2 (18. Rd2 Ra3 19. Rc2 Nb5
$36) 18... O-O {Black wisely first safeguards his K.} (18... Ra3 {can be risky:
} 19. O-O $5 (19. Rd4 O-O 20. O-O Nb5 (20... Rxa2 21. Ne5 Bxg2 22. Nxd7 Qf5 23.
Rf4 $5 $14) 21. Rf4 Qe7 22. Nd4 $1 Rxc3 (22... Nxc3 $2 23. Rxf8+ Kxf8 24. Nc2
$16) 23. Qd2 Nxd4 24. Rxd4 $14) 19... Qxc3 20. Qf4 $32 {[%csl Re8] עe8}) 19.
O-O Rxa2 20. Ne5 Qd8 (20... Rd8 21. Ra1 Rc2 22. Rfc1 $11) 21. Rfe1 (21. Bxd5
Nxd5 22. Qd4 Rxe2 23. Nxc4 Qf6 $15) (21. Rd2 $5 $11) 21... d6 22. Nf3 (22. Nc6
Bxc6 (22... Qf6 $6 23. Nb4 $36) 23. Bxc6 d5 24. Ra1 Rxa1 25. Rxa1 Qd6 {[%csl
Rc6] ץ}) 22... Qd7 $11 {/=/+ Black's forces are more active, but apart from
c3 he has no direct targets and it's not easy to convert his edge into
something more tangible.} 23. h4 (23. Bh3 Qf7 $15) 23... h6 (23... Rfa8 24. Bh3
$1 {[%cal Rd1d5] /\Rd5} (24. Ng5 Bxg2 25. Kxg2 h6 26. Ne4 Nd5 $36) 24... Qe8 (
24... Qf7 25. Ng5 Qf6 26. Qb6 $36) 25. Rd2 $11) 24. Ra1 Qa4 (24... Rfa8 25.
Rxa2 Rxa2 26. Rb1 $132) 25. Rxa2 Qxa2 26. h5 Rb8 27. Kh2 Qa5 28. Rc1 Qb6 (28...
Rb2 $142 $15) 29. Nd4 Qc5 30. g4 Rb2 (30... Bxg2 31. Kxg2 e5 32. Nf5 Qxe3 33.
fxe3 $5 (33. Nxe3 d5 34. Rd1 Rb5 $11) 33... d5 34. e4 dxe4 35. Nd6 $11 {/+/=})
31. Ra1 Bxg2 32. Kxg2 e5 {Black's initiative is over and he forces a drawish
endgame.} 33. Nf5 Qxe3 34. Nxe3 Rxe2 35. Nxc4 d5 36. Ne3 (36. Kf3 Re4 (36...
Rc2 $143 37. Nxe5 Rxc3+ 38. Ke2 {gives White some nebulous chances.}) 37. Ne3
Rf4+ 38. Kg3 Rf6 $11) 36... d4 37. cxd4 exd4 38. Nf5 Ne6 39. Ra7 Re4 40. Kf3 ({
Slightly more promising from a practical viewpoint was} 40. f3 $5 {/\} Re2+ 41.
Kf1 d3 42. Rd7 Nf4 43. Rxd3 $1 $14) 40... Re1 41. Rd7 Kf8 $1 42. Nxd4 Nxd4+ 43.
Rxd4 Kf7 $11 {The R_|_ is theoretically drawn.} 44. Rf4+ Kg8 45. Re4 Ra1 46.
Kf4 Ra2 47. f3 Kf7 48. Kf5 Ra3 49. f4 Ra6 50. Re5 (50. g5 hxg5 51. fxg5 g6+ $5
52. hxg6+ Kg7 $1 $11 (52... Rxg6 $4 53. Re7+ $18)) 50... Rb6 (50... Rb6 51. Ra5
Rc6 52. Ra7+ Kf8 $11) 1/2-1/2

[Event "EU-ch 5th"]
[Site "Antalya"]
[Date "2004.05.25"]
[Round "10"]
[White "Andersson, Ulf"]
[Black "Milov, Vadim"]
[Result "1/2-1/2"]
[WhiteElo "2570"]
[BlackElo "2680"]
[Annotator "Stohl,I"]
[PlyCount "92"]
[EventDate "2004.05.15"]
[EventType "swiss"]
[EventRounds "13"]
[EventCountry "TUR"]
[SourceTitle "CBM 101"]
[Source "ChessBase"]
[SourceDate "2004.07.27"]
[SourceVersion "1"]
[SourceVersionDate "2004.07.27"]
[SourceQuality "1"]

1. Nf3 g6 2. d4 Bg7 3. g3 c5 4. c3 Qa5 5. Nbd2 cxd4 6. Nb3 Qb6 7. cxd4 Nf6 8.
Bg2 O-O 9. O-O d6 10. d5 {[%csl Gd5][%cal Gh8a1] Gains space, but also opens
the /^a1-h8 for the Bg7. A more circumspect alternative is} (10. Re1 Bf5 11.
Nh4 Be4 12. Bxe4 Nxe4 13. f3 Nf6 14. e4 Nbd7 15. Be3 Qa6 16. Qe2 Qa4 17. Nd2
Rfc8 18. b3 Qa5 19. Nc4 Qd8 20. d5 Nb6 21. Nb2 Nfd7 22. Rac1 Rxc1 23. Rxc1 Rc8
24. Rc2 Rc7 25. Nd3 Qc8 $11 {Georgiev,Kir-Dzindzichashvili,R/Thessaloniki olm/
1984/}) 10... Na6 $5 (10... Bd7 $143 11. Be3 Qa6 (11... Qb5 $142 $5 12. Nfd4
Qa4 {/\Na6-c5<=>}) 12. Bd4 Qa4 13. Re1 Na6 14. e4 Nc7 15. e5 $1 Nfxd5 16. exd6
exd6 17. Bxg7 Kxg7 18. Ng5 Bc6 19. Re4 Qb5 20. a4 Qb6 21. a5 Qa6 22. Nd4 Rae8
23. Bf1 $16 {Romanishin,O-Lobron,E/EU-ch Saint Vincent/2000/}) 11. Nfd4 Nc5
$146 {White hasn't played the opening too ambitiously (4.c3) and Black has
already more than one way to achieve a satisfactory position. However, getting
more than equality against a solid player like Andersson is no mean task.} (
11... Bd7 $5 12. h3 (12. Bd2 Nc5 13. Ba5 Qa6 14. Qd2 Rfc8 15. Nxc5 Rxc5 16. Nb3
Rc4 17. Rfc1 Rxc1+ 18. Nxc1 Ng4 19. Nd3 Rc8 20. h3 Ne5 $36 {/=/+,Bareev,
E-Morozevich,A/Dortmund/2002/}) 12... Rfc8 13. Be3 Qb4 14. Bd2 (14. Nc2 Qa4 15.
Bd4 Nc7 $36) 14... Qa4 15. Bc3 Nb4 16. e4 Nxa2 $5 17. Qd2 Nxc3 18. Rxa4 Nxa4
$13) 12. h3 Nxb3 (12... Bd7 $5 13. Be3 Rfc8 $11 {/<=>}) 13. Nxb3 (13. axb3 $2
Nxd5 $1 $17) 13... Bd7 14. Be3 Qa6 15. Bd4 Rfc8 (15... Bb5 16. Re1 {will most
probably lead to the same position, if Black doesn't venture the double-edged}
e5 $5 17. dxe6 fxe6 $13) 16. Re1 Bb5 (16... Ba4 17. e4 Qb5 18. Re3 $14) 17. e4
Nd7 (17... Bc4 18. Nd2 $5 Bd3 19. Qb3 Rc2 20. Nf1 $1 $14) 18. Bxg7 Kxg7 19. a4
(19. Nd4 Ne5 $132) 19... Bc4 (19... Bxa4 $4 20. Qd4+ $18) (19... Bd3 20. Nc1
Bc2 21. Qd4+ $36 {[%csl Rc2] ץc2}) 20. Qd4+ Kg8 21. Nd2 Qb6 $1 $11 {Forces
the exchange of Q and grealty lessens the effect of any action White might
undertake in the [+].} 22. Qxb6 axb6 $6 ({Safer seems to be} 22... Nxb6 23. a5
Nd7 24. f4 Ba6 $132 {Taking with the N leaves the a6-square as a safe retreat
for the exposed B.}) 23. f4 (23. b3 Bd3 24. Re3 Ba6 25. f4 b5 26. a5 b4 $132 {
/\} 27. Ra4 Rc3 $1 $36) 23... b5 24. Rec1 (24. b3 $5 Bd3 25. Re3 $14) (24. a5
Nc5 25. Re3 (25. Rec1 $5 {-24.Rec1}) 25... b6 $1 {/\} 26. b3 Rxa5 27. Rxa5 bxa5
28. bxc4 b4 $44) 24... Nc5 25. axb5 $6 (25. Nxc4 $6 bxc4 (25... Nb3 $2 26. Nb6
$18) 26. Rxc4 b5 $11 {/=/+}) (25. a5 $142 $1 Nd3 26. Rc2 $36) 25... Bxb5 $11
26. e5 Bd3 (26... Nd3 27. Rxa8 Rxa8 28. Rc7 $14) 27. exd6 {White releases the
tension and the game comes to a peaceful conclusion, but the right moment to
achieve more was already gone.} (27. b4 Rxa1 28. Rxa1 Na6 $1 29. Ra3 Nxb4 30.
Rb3 Rc2 31. Rxb4 Rxd2 32. Rxb7 Bc4 $5 33. Rxe7 Rd1+ 34. Kh2 Rd2 $11) 27... exd6
28. Bf1 Rxa1 29. Rxa1 Bxf1 30. Kxf1 Kf8 31. Rc1 (31. Ke2 $142 $11) 31... Re8 $1
(31... Ra8 32. Ke2 Ra2 33. Rc2 b5 34. Ke3 {[%cal Yd2e4] /\Ne4=}) 32. Rc3 b5 $36
{()} 33. Kf2 Ne4+ $1 34. Nxe4 Rxe4 35. Rd3 (35. Rc6 Ke7 36. Rc7+ Ke8 37. Rc8+
Kd7 38. Rf8 Ke7 $36) (35. Rc8+ Ke7 36. Rc7+ Ke8 {[%csl Rb2,Rd5] ><b2,d5}) 35...
h5 36. Kf3 Rb4 (36... Rc4 37. Rb3 Rc5 38. Ke4 $11) (36... f5 37. Re3 Rd4 38.
Re6 $11) 37. b3 {Black's Rb4 is now trapped, but White doesn't have enough
pieces to attack it and he must be careful, as his own P are vulnerable.} Ke7
38. g4 (38. Ke3 Kf6 39. Rc3 h4 40. g4 g5 $15) 38... Kf6 39. Kg3 (39. Ke3 $6
hxg4 40. hxg4 g5 $17) 39... Re4 {Now White gets enough <=>, but its probable
he would have saved the game even after the somewhat stronger} (39... hxg4 $142
40. hxg4 g5 41. Rf3 Kg6 42. fxg5 Kxg5 43. Rxf7 Rxb3+ 44. Kf2 Rd3 (44... Kxg4
45. Rf6 $11) 45. Rb7 Rxd5 46. Kf3 $15 {/=/+}) 40. Kf3 Re1 41. Rc3 $5 Rg1 (41...
Rb1 42. Ke4 hxg4 43. hxg4 g5 44. Rf3 $132) 42. Rc6 h4 (42... Ke7 43. Rb6 $11)
43. Rxd6+ Ke7 44. Rb6 Rg3+ 45. Ke4 Rxb3 46. f5 (46. Rb7+ Kd6 47. Rxf7 Rb4+ 48.
Ke3 Kxd5 $11) 46... gxf5+ (46... gxf5+ 47. Kxf5 Rxh3 48. Rxb5 $11) 1/2-1/2